<?xml version="1.0" encoding="UTF-8"?>
<record
    xmlns:xsi="http://www.w3.org/2001/XMLSchema-instance"
    xsi:schemaLocation="http://www.loc.gov/MARC21/slim http://www.loc.gov/standards/marcxml/schema/MARC21slim.xsd"
    xmlns="http://www.loc.gov/MARC21/slim">

  <leader>01084nam a22001817a 4500</leader>
  <controlfield tag="003">BDDh-ASL</controlfield>
  <controlfield tag="005">20231015031312.0</controlfield>
  <controlfield tag="008">230405n        b  ||||| |||| 00| 0 b   d</controlfield>
  <datafield tag="040" ind1=" " ind2=" ">
    <subfield code="a">BDDh-ASL</subfield>
    <subfield code="c">BDDh-ASL</subfield>
  </datafield>
  <datafield tag="041" ind1=" " ind2=" ">
    <subfield code="a">ben</subfield>
  </datafield>
  <datafield tag="082" ind1=" " ind2=" ">
    <subfield code="a">324</subfield>
    <subfield code="b">DAC</subfield>
  </datafield>
  <datafield tag="245" ind1="0" ind2="0">
    <subfield code="a">&#x9AC;&#x9B0;&#x9CD;&#x9A4;&#x9AE;&#x9BE;&#x9A8; &#x9AA;&#x9B0;&#x9BF;&#x9B8;&#x9CD;&#x9A5;&#x9BF;&#x9A4;&#x9BF;&#x9A4;&#x9C7; &#x9B0;&#x9BE;&#x9B7;&#x9CD;&#x99F;&#x9CD;&#x9B0; &#x9AA;&#x9CD;&#x9B0;&#x9A7;&#x9BE;&#x9A8; &#x9AA;&#x9A6;&#x9C7; &#x9AE;&#x9B9;&#x9BF;&#x9B2;&#x9BE;&#x9B0; &#x9A8;&#x9BF;&#x9B0;&#x9CD;&#x9AC;&#x9BE;&#x99A;&#x9A8; &#x99C;&#x9BE;&#x9AF;&#x9BC;&#x9C7;&#x99C; : </subfield>
    <subfield code="b">(&#x9AC;&#x9BF;&#x9B6;&#x9CD;&#x9AC; &#x9AC;&#x9BF;&#x996;&#x9CD;&#x9AF;&#x9BE;&#x9A4; &#x993; &#x9A6;&#x9C7;&#x9B6; &#x9AC;&#x9B0;&#x9C7;&#x9A3;&#x9CD;&#x9AF; &#x993;&#x9B2;&#x9BE;&#x9AE;&#x9BE;&#x9AF;&#x9BC;&#x9C7; &#x995;&#x9C7;&#x9B0;&#x9BE;&#x9AE;&#x9C7;&#x9B0; &#x9AB;&#x9A4;&#x9CB;&#x9AF;&#x9BC;&#x9BE;) / </subfield>
  </datafield>
  <datafield tag="246" ind1=" " ind2=" ">
    <subfield code="a">Bortoman Poristhitite Rastra Prodhan Pode Mohilar Nirbachon Jayez </subfield>
  </datafield>
  <datafield tag="260" ind1=" " ind2=" ">
    <subfield code="a">&#x9A2;&#x9BE;&#x995;&#x9BE; : </subfield>
    <subfield code="b">&#x9AA;&#x9CD;&#x9B0;&#x99A;&#x9BE;&#x9B0; &#x9AC;&#x9BF;&#x9AD;&#x9BE;&#x997;, &#x99C;&#x9BE;&#x9AE;&#x9BE;&#x9AF;&#x9BC;&#x9BE;&#x9A4;&#x9C7; &#x987;&#x9B8;&#x9B2;&#x9BE;&#x9AE;&#x9C0; &#x9A2;&#x9BE;&#x995;&#x9BE;, </subfield>
  </datafield>
  <datafield tag="300" ind1=" " ind2=" ">
    <subfield code="a">8 p. : </subfield>
    <subfield code="c">21 cm. </subfield>
  </datafield>
  <datafield tag="650" ind1=" " ind2="0">
    <subfield code="a">&#x9AB;&#x9A4;&#x9CB;&#x9AF;&#x9BC;&#x9BE;, Phat&#x14D;&#x1E8F;&#x101;, fatwa, manifesto &#x9AF;&#x9C7; &#x998;&#x9CB;&#x9B7;&#x9A3;&#x9BE;&#x9AA;&#x9A4;&#x9CD;&#x9B0; &#x9B0;&#x9BE;&#x99C;&#x9BE;&#x9B0; &#x9AC;&#x9BE; &#x995;&#x9CB;&#x9A8; &#x9A6;&#x9B2;&#x9C7;&#x9B0; &#x9A8;&#x9C7;&#x9A4;&#x9BE;&#x9B0; &#x989;&#x9A6;&#x9CD;&#x9A6;&#x9C7;&#x9B6;&#x9CD;&#x9AF; &#x9AA;&#x9CD;&#x9B0;&#x995;&#x9BE;&#x9B6; &#x995;&#x9B0;&#x9C7;, &#x9AB;&#x9A4;&#x9CB;&#x9AF;&#x9BC;&#x9BE;</subfield>
    <subfield code="9">7888</subfield>
  </datafield>
  <datafield tag="942" ind1=" " ind2=" ">
    <subfield code="2">ddc</subfield>
    <subfield code="c">BK</subfield>
  </datafield>
  <datafield tag="952" ind1=" " ind2=" ">
    <subfield code="0">0</subfield>
    <subfield code="1">0</subfield>
    <subfield code="2">ddc</subfield>
    <subfield code="4">0</subfield>
    <subfield code="7">0</subfield>
    <subfield code="8">NFIC</subfield>
    <subfield code="a">ASL</subfield>
    <subfield code="b">ASL</subfield>
    <subfield code="c">GEN</subfield>
    <subfield code="d">2023-04-05</subfield>
    <subfield code="e">Complimentary</subfield>
    <subfield code="l">0</subfield>
    <subfield code="o">324 DAC</subfield>
    <subfield code="p">120409</subfield>
    <subfield code="r">2023-04-05 00:00:00</subfield>
    <subfield code="t">C-1</subfield>
    <subfield code="w">2023-04-05</subfield>
    <subfield code="y">BK</subfield>
    <subfield code="z">Y-0000</subfield>
  </datafield>
  <datafield tag="999" ind1=" " ind2=" ">
    <subfield code="c">31691</subfield>
    <subfield code="d">31691</subfield>
  </datafield>
</record>
